Представление документа в формате RUSMARC

ПолеНазваниеЗначение
  Тип записи a
  Библиографический уровень a
001 Контрольный номер RU/УОНБ/EK_Kray/471703974
005 Дата корректировки 20240131005035.1
100 Данные общей обработки __
a Данные общей обработки 20141212d2014 ||| 0rusy0189 ca
101 Язык документа 0_
a Язык текста rus
102 Страна публикации __
a Страна публикации RU
105 Кодированные данные (монография) __
a Кодированные данные (монография) y###||||000|y
200 Заглавие и сведения об ответственности 1_
a Заглавие Для детей и внуков. Да и всех уже ушедших...
f Первые сведения об ответственности Ольга Егоровна Бородина
215 Физическое описание __
c Иллюстрации/тип воспроизводства 12 фот.
330 Аннотация __
a Аннотация 8 января 2015 г. историку и краеведу С.Л. Сытину исполнится 90 лет со дня рождения. История семьи.
461 Уровень набора _0
1 2000
a Мономах
1 011
463 Уровень физической единицы _0
1 001RU/УОНБ/EK_Kray/471702056
1 2000
a № 6
v С. 9-13
1 210
d 2014
600 Персоналии _1
a Персоналии (Фамилия) Сытин, Сергей Львович
610 Ключевые слова 0_
a Ключевые слова историки
610 Ключевые слова 0_
a Ключевые слова краеведы
610 Ключевые слова 0_
a Ключевые слова преподаватели пединститута
686 Индексы других классификаций __
a Классификационный индекс 79.4
2 Код системы rubbk
700 Автор _1
a Фамилия Бородина
b Имя (инициалы) О.Е.
g Полное личное имя Ольга Егоровна
4 Код отношения 070
801 Источник записи _0
a Страна RU
b Организация Ульяновская ОНБ
c Дата составления 20141212
g Правила каталогизации RCR
801 Источник записи _1
a Страна RU
b Организация Ульяновская ОНБ
c Дата составления 20141212
g Правила каталогизации RCR
901 Тип документа __
t Тип документа b
w Контрольный № источника RU/УОНБ/EK_Kray/471702056
909 Создатель записи __
a Создатель записи Бороденкова
938 Служебная информация __
a Имя БД kraeved_work
b Имя библиотеки УОНБ
c Имя АИБС МАРК-SQL
d Номер DOC_ID в БД 108699